Statistics for Closest countries to the poles by letter

Click here to take the quiz!

General Stats

  • This quiz has been taken 504 times
  • The average score is 38 of 48

Answer Stats

HintAnswer% Correct
AAustralia
97%
RRussia
94%
CChile
93%
DDenmark
92%
NNorway
92%
FFinland
91%
IIceland
91%
QQatar
91%
QQatar
91%
SSweden
91%
OOman
90%
OOman
90%
NNew Zealand
89%
UUnited Kingdom
89%
YYemen
89%
YYemen
89%
EEstonia
88%
ZZambia
88%
ZZimbabwe
87%
JJapan
86%
LLatvia
85%
UUruguay
85%
VVanuatu
83%
GGermany
82%
HHungary
79%
PPoland
79%
BBelarus
78%
IIndonesia
78%
KKazakhstan
77%
BBotswana
76%
PParaguay
76%
FFiji
75%
MMongolia
74%
LLesotho
73%
AAustria
72%
TTonga
69%
HHonduras
66%
MMozambique
66%
JJamaica
65%
VVatican City
65%
EEast Timor
60%
KKenya
59%
TTurkey
59%
DDemocratic Republic of the Congo
58%
SSwaziland
57%
GGabon
54%
RRepublic of the Congo
52%
CCzech Republic
51%

Score Distribution

Percentile by Number Answered

Percent of People with Each Score

Your Score History

You have not taken this quiz